export_success — 

L'Algérie dans l'antiquité /

Saved in:
Bibliographic Details
Main Author: Gsell, Stéphane, 1864-1932.
Format: Book
Language:French
Published: Alger : A. Jourdan, 1903.
Edition:Nouvelle éd., revue et corrigée.
Subjects:
Tags: Add Tag
No Tags, Be the first to tag this record!
LEADER 00816nam a2200241Ii 4500
001 005115228-2
005 20020606095253.2
008 780602s1903 ae b 000 0 fre d
035 0 |a ocm03946271 
040 |a ZYU  |c ZYU  |d HLS 
043 |a f-ae--- 
050 4 |a DT288  |b .G7n 
090 |a DT288  |b .G7n 
100 1 |a Gsell, Stéphane,  |d 1864-1932. 
245 1 2 |a L'Algérie dans l'antiquité /  |c par Stéphane Gsell. 
250 |a Nouvelle éd., revue et corrigée. 
260 |a Alger :  |b A. Jourdan,  |c 1903. 
300 |a 150 p. :  |b fold. map ;  |c 20 cm. 
651 0 |a Algeria  |x History  |y To 647. 
655 7 |a History.  |2 fast 
776 0 8 |i Online version:  |a Gsell, Stéphane, 1864-1932.  |t Algérie dans l'antiquité.  |b Nouvelle éd., revue et corrigée.  |d Alger : A. Jourdan, 1903  |w (OCoLC)613196391 
988 |a 20020608 
906 |0 OCLC